Best pokemons in VGC regH - Statistics

General Stats
  • This quiz has been taken 23 times
  • The average score is 17 of 31
Answer Stats
Hint Answer % Correct
30,84% Incineroar
93%
43,84% Gholdengo
86%
10,50% Indeedee-M
86%
29,47% Rillaboom
86%
35,55% Dragonite
79%
6,63% Indeedee-F
79%
33,17% Archaludon
71%
27,47% Sneasler
71%
9,49% Ursaluna
71%
25,02% Annihilape
64%
8,60% Garchomp
64%
10,60% Kingambit
64%
12,10% Maushold
64%
20,76% Pelipper
64%
5,17% Torkoal
64%
15,49% Basculegion
57%
9,60% Tyranitar
57%
13,56% Amoonguss
50%
6,21% Primarina
50%
34,91 % Ursaluna-Bloodmoon
50%
12,04% Dondozo
43%
5,27% Dragapult
43%
7,09% Porygon2
43%
9,87% Tatsugiri
43%
11,66% Whimsicott
43%
14,93% Ninetales-Alola
36%
7,61% Sinistcha
21%
11,19% Volcarona
21%
5,39% Arcanine-Hisui
14%
6,61% Talonflame
7%
5,41% Electabuzz
0%
No matching quizzes found
Score Distribution
Percent of People with Each Score
Percentile by Number Answered
Your Score History
You have not taken this quiz